LEADER 01869cam a2200349 u 4500 001 000000015732 003 CaOOAMICUS 005 20070226105919.0 008 940513s1968 onc u000 u lat u 035 $a10367636 040 $aPUL(R)$bita 041 0 $alat$aeng 100 0 $aThomas Aquinas,$cs.,$dc. 1225-1274.$0(OLS)http://pul/name/3373 240 10$aQuaestiones disputatae$9(Thomas Aquinas, s., c. 1225-1274).$pDe anima.$0(OLS)http://pul/title/22528 245 10$aSt. Thomas Aquinas Quaestiones De anima :$ba newly established edition of the Latin text with an introduction and notes /$cedited by James H. Robb. 260 $aToronto :$bPontifical Institute of Mediaeval Studies,$c1968. 300 $a282 p. ;$c26 cm 490 1 $aStudies and texts. Pontifical Institute of Mediaeval Studies ;$v14 500 $aTesto latino con introduzione in inglese. 504 $aBibliografia: p. [275]-282. 600 04$aAristoteles,$d384-322 a.C.$tDe anima$9(Aristoteles, 384-322 a.C.).$0(OLS)http://pul/subject/7102 650 4$aAnima.$0(OLS)http://pul/subject/4826 700 1 $aRobb, James Harry,$d1918-$0(OLS)http://pul/name/14417 710 2 $aPontifical Institute of Mediaeval Studies.$0(OLS)http://pul/name/6968 830 0$aStudies and texts (Pontifical Institute of Mediaeval Studies) ;$v14.$0(OLS)http://pul/title/290 850 $aPUL 852 $aPUL$W1$xSL Religione 1$y3$m76 F 12$j22117$nBK-PRI$b $qStampati$B22117$CPULBib$Z2$F22117 $H $81 900 $aTommaso d'Aquino,$cs.,$dc.1225-1274$93373 941 1 $a8 961 $aINV: 31272 996 $6245$aSt. Thomas Aquinas Quaestiones De anima :$ba newly established edition of the Latin text with an introduction and notes$9(OLS)http://pul/title/22529 996 $6260$aToronto :$bPontifical Institute of Mediaeval Studies$9(OLS)http://pul/publisher/48163 LEADER 01359nam a2200301 u 4500 001 000000054859 003 CaOOAMICUS 005 20070226115723.0 008 010109s1971 it u000 u ita u 035 $a10865023 040 $aPUL(R)$bita 041 1 $aita$hfre 100 1 $aWahl, Jean André,$d1888-1974.$0(OLS)http://pul/name/8407 240 10$aMalheur de la coscience dans la philosophie de Hegel.$lItaliano.$0(OLS)http://pul/title/73506 245 13$aLa coscienza infelice nella filosofia di Hegel /$cJean Wahl ; prefazione di Enzo Paci ; traduzione di Franco Occhetto. 260 $aMilano :$bIli,$c1971. 300 $axxxii, [3], 257 p. ;$c19 cm 490 1 $aCampus ;$v11 600 14$aHegel, Georg Wilhelm Friedrich,$d1770-1831$xCritica e interpretazione.$0(OLS)http://pul/subject/149 700 1 $aOcchetto, Franco.$0(OLS)http://pul/name/38765 700 1 $aPaci, Enzo,$d1911-1976.$0(OLS)http://pul/name/5666 830 0$aCampus ;$v11.$0(OLS)http://pul/title/73508 850 $aPUL 852 $aPUL$W1$xDP1 Fondo Giannini$y60$m1561 G 29$j72206$nBK-PRI$b $qFondi$B72206$CPULBib$Z2$F72206 $H $81 941 1 $a1 961 $aINV: Fondo Giannini 996 $6245$aLa coscienza infelice nella filosofia di Hegel$9(OLS)http://pul/title/73507 996 $6260$aMilano :$bIli$9(OLS)http://pul/publisher/68875